Povinné zmluvné poistenie zodpovednosti za škodu spôsobenú prevádzkou motorového vozidla bakalárska práca

Salvato in:
Dettagli Bibliografici
Autore principale: Trubik, Michal
Ente Autore: Podnikovohospodárska fakulta EU so sídlom v Košiciach. Katedra ekonómie
Altri autori: Meheš, Marek
Natura: Libro
Lingua:slovacco
Pubblicazione: Košice 2011
Tags: Aggiungi Tag
Nessun Tag, puoi essere il primo ad aggiungerne!!

MARC

LEADER 00000nbm a2200000 4500
001 0139454
005 20240827092857.0
041 0 |a slo 
044 |a SK 
245 1 0 |a Povinné zmluvné poistenie zodpovednosti za škodu spôsobenú prevádzkou motorového vozidla  |b bakalárska práca  |c Michal Trubik ; školiteľ: Marek Meheš 
264 1 |a Košice  |c 2011 
300 |a 60 s. 
100 1 |a Trubik, Michal 
700 1 |a Meheš, Marek 
710 2 |a Podnikovohospodárska fakulta EU so sídlom v Košiciach. Katedra ekonómie